|
|
|
|
| LEADER |
00000cas a2200000 a 4500 |
| 001 |
vtls001364127 |
| 003 |
SK-MaSNL |
| 005 |
20260221112414.0 |
| 008 |
990525d19821982xo u| 0 0 0slo |
| 035 |
|
|
|a SNK000317765
|
| 040 |
|
|
|a SNK
|b slo
|c SNK
|e AACR2
|
| 041 |
0 |
|
|a slo
|
| 044 |
|
|
|a xo
|c SK
|
| 245 |
0 |
0 |
|a Kalendár súťaží ZUČ na rok ...
|
| 260 |
|
|
|a Prešov
|b Krajské osvetové stredisko
|c 1982
|
| 500 |
|
|
|a Súčasťou názvu je označenie roku
|
| 910 |
|
|
|a snk
|
| 999 |
|
|
|c 273
|d 2203
|
| 952 |
|
|
|0 0
|1 0
|4 0
|7 0
|a SNK
|b SNK
|d 1999-05-25
|l 0
|o snkČSB 3592/1982 D1
|p 17A0195704
|r 2005-01-02 00:00:00
|w 2026-02-21
|y PREZ
|